Quizzes
Events
Quiz Creation
Community
Videos
Private Events
Remove Ads
Sign In
Join for FREE
Feedback
Dark Mode
Quiz Categories
Sports
Geography
Music
Movies
Television
Just For Fun
Miscellaneous
History
Literature
Language
Science
Gaming
Entertainment
Religion
Holiday
For Kids
Quiz Lab
Recent
Popular Today
Quiz Kudos Today
Editor Picks
Curator Picks
Quizzes by...
Day
Popularity
Type
Ratings
Length
Year
Community
Subscriptions
Recent Discussions
Orange Saloon
Badges
Playlists
Quests
Create
Leaderboards
Showdown
Live 5
Trivia Bingo
Activity
Puzzle Library
Sporcle Events
Private Events
Virtual Trivia
Globe League
Become a Host
Pub Owners
SporcleCon
Opinionation
Our Games
Videos
Blog
Mobile Apps
Partnerships
Remove Ads and Go Orange
Feedback
Sports
Athletes
MLB
NBA
NHL
NFL
Soccer
Sports Teams
WWE
NCAA
Football
Premier League
Basketball
Baseball
Hockey
Golf
Tennis
Cricket
Rugby
Auto Racing
Olympics
World Cup
Sports
Athletes
MLB
NBA
NHL
NFL
Soccer
Sports Teams
WWE
NCAA
Football
Premier League
Basketball
Baseball
Hockey
Golf
Tennis
Cricket
Rugby
Auto Racing
Olympics
World Cup
Random Quiz
Search Sporcle
×
Quiz Lab
Quiz Lab
Sports
NFL
Type in answers that appear in a list
Type in answers that appear in a list
Classic
Best Score? Go Orange.
NFL All Time TD Leaders Stats
Can you name the NFL All Time TD Leaders?
By
Blaugrana
8m
50 Questions
1,655 Plays
1,655 Plays
1,655 Plays
Comments
Comments
Give Quiz Kudos
Give Quiz Kudos
-
- Ratings
hide this ad
Replay
Link that replays current quiz
Next Quiz
Link to next quiz in quiz playlist
You Got
0%
They Got
Avg Score
43%
Avg Friend Score
Upgrade to see
Score Distribution
Jump to the score distribution portion of the page
Score
0/50
Timer
08:00
0
Plays Today
Player
% Correct
Jerry Rice
95.5%
Emmitt Smith
91.2%
Steve Smith
88.9%
Randy Moss
88.5%
Jim Brown
84.1%
Tim Brown
83.8%
LaDanian Tomlinson
81.1%
Barry Sanders
80%
Walter Payton
75.5%
Terrell Owens
74.6%
Franco Harris
69.3%
Tony Gonzalez
68.1%
Adrian Peterson
65.7%
Marshall Faulk
63.4%
Marvin Harrison
63.1%
Larry Fitzgerald
60.9%
Antonio Gates
58.4%
Cris Carter
58%
Jerome Bettis
57%
Marcus Allen
56.9%
Shaun Alexander
56.5%
Frank Gore
55.2%
Eric Dickerson
52.5%
Thurman Thomas
50.9%
Curtis Martin
49.8%
Player
% Correct
Edgerrin James
46.6%
Steve Largent
46.5%
Priest Holmes
44.9%
Isaac Bruce
43.2%
Marshawn Lynch
41.3%
Jim Taylor
40.7%
Charley Taylor
40.7%
John Riggins
40%
Andre Reed
36.9%
Hines Ward
34.6%
Tony Dorsett
32.6%
Corey Dillon
30.8%
LeSean McCoy
30%
Ottis Anderson
23.4%
Lenny Moore
22.4%
Don Hutson
21.6%
Ricky Watters
19%
Mark Clayton
16.9%
Lance Alworth
12.5%
Don Maynard
12.4%
Irving Fryar
9.1%
Leroy Kelly
8.2%
Paul Warfield
8.1%
Bobby Mitchell
7.5%
Tommy McDonald
4.7%
Quiz Playlist
Details
Report
Send in Message
Add To Playlist
Classic:
Type in answers that appear in a list
Quiz Source
Last Updated: Oct 21, 2019
Quiz Scoreboard
CHALLENGE
Sign Up to Join the Scoreboard
Show All
Scores
Hide
Comments
May contain spoilers
Recently Published
College Basketball Coaching Resumes
by pancakes188
Sports
9m
Billboard Blitz: Fleetwood Mac
by CooCooCachoo
Music
15s
Presidents Visiting Landmarks
by Hejman
History
7m
More to Explore
Quiz From the Vault
Featured Blog Post
Where Did the Easter Bunny Come From?
hide this ad
You Might Also Like...
Tags
NFL Quiz
All Time
Player
TD Leaders
Touchdown
Today's Top Quizzes in Sports
Browse Sports
hide this ad
Today's Top Quizzes in NFL
Browse NFL
Top Contributed Quizzes in Sports
1
2022 World Cup Stars
2
Les meilleurs buteurs des matchs entre le PSG et l’OM
3
FIFA Club World Cup Champions
4
Les entraîneurs de l'OM et du PSG au 21e siècle
5
Criteria MLB: Left Handed Sluggers
6
AFC Teams Reveal (Wrong Answers Minefield)
7
5-to-1: UK Sports Teams
8
5-to-1: FBS Animal Nicknames
9
2023 MLB Unique Player Accomplishments
10
Name the Premier League winners with different clubs
Explore More
Trending Topics
Anime
Marvel
Crossword
Disney
Harry Potter
NBA
Kpop
Pokémon
Country
Soccer
Song
NFL
Puzzle
The Office
WWE
hide this ad
More By:
Blaugrana
Quiz
Plays
Rating
Category
Featured
Created
Biggest Cities in Denmark
2,173
3.00
Geography
Oct 21, 2009
FC Barcelona Top 20 transfers
1,976
4.33
Sports
Oct 18, 2009
National Team Captains
1,686
2.33
Sports
Oct 21, 2009
NFL All Time TD Leaders
1,655
4.13
Sports
Nov 3, 2009
FC Barcelona Trivia
826
5.00
Sports
Oct 18, 2009
Go to Creator's Profile
Score Distribution
Quiz Creator Spotlight
Blaugrana
Follow
Send a Message
Quizzes Created
-
Created Quiz Play Count
-
More By This Creator
Popular Quizzes Today
1
Find the US States - No Outlines Minefield
2
Find the Countries of Europe - No Outlines Minefield
3
The Countries of the World
4
Find the US States
5
Risky Map Clicking: Biggest States A-Z
6
US States
7
Popular People in 1961
8
Movies - When Are They Set?
More Sports Quizzes
Football Crest Sorting (UEFA - ENG, ESP, GER, ITA VI)
Quiz Lab
Trending Quizzes
Risky Map Clicking: Least Populous States A-Z
1-10 Letter G Words
1-10 Letter F Words
Risky Map Clicking: Next State Alphabetically
Risky Map Clicking: Biggest States A-Z
Recently Updated
Leaping Animals
pecheneg
Reality TV Shows (A-Z)
bhenderson79
Rickey Henderson's Hall of Fame Teammates
pecheneg
Champions League XIs: Arsenal
pecheneg
Quick Pick: Celebrities in WWE's Hall of Fame
aduchscher
A-Z Keypad Blitz II
pecheneg
Multiple Oscar Actors
pecheneg
Mystery Phrase Blitz: Oscar 'Best Actors'
pecheneg
F. Scott Fitzgerald Novels
LTH
Pick 3 Villains
ddd62291
Trending Topics
Disney
Anime
Crossword
Kpop
Harry Potter
Marvel
NBA
Soccer
The Office
NFL
Pokémon
WWE
Song
Puzzle
Country
Your Account Isn't Verified!
In order to create a playlist on Sporcle, you need to verify the email address you used during registration. Go to your
Sporcle Settings
to finish the process.
Report this User
Report this user for behavior that violates our
Community Guidelines
.
Details:
Send Report
Go to the Sporcle.com Mobile Site →
Comments